00845nam a2200193Ia 4500001000700000008004100007020002200048082001600070100003400086245013600120260002000256300001100276503023900287504003300526650002200559650002100581650002200602650002700624Z_6173220601s9999 xx 000 0 und d a978-607-12-0226-0 a636.213 S831 aSuárez Domínguez, Hermilo aProducción de bovinos para carne en confinamiento: guía práctica para técnicos y productores / Hermilo Suárez Domínguez aMéxico : UACh a203 p. aej.1, ej.2, ej.4: Donación del Profesor Hermilo Suárez Domínguez \ ej.3: reposición por el título: Curso internacional de reproducción ovina. Memorias. Ministerio de Ciencia y Tecnología (Madrid, 2001) folleto 644(A1760) aBibliografía: p. 189 - 191 a1. Ganado bovino  aGanado de carne  aGanado - Cría  aProducción animalÌ